Chứng khoán và phân tích đầu tư chứng khoán

Gorde:
Xehetasun bibliografikoak
Formatua: Liburua
Hizkuntza:Undetermined
Argitaratua: Hà Nội Thống kê 1998
Gaiak:
Etiketak: Etiketa erantsi
Etiketarik gabe, Izan zaitez lehena erregistro honi etiketa jartzen!
Thư viện lưu trữ: Trung tâm Học liệu Trường Đại học Cần Thơ
LEADER 00518nam a2200181Ia 4500
001 CTU_154308
008 210402s9999 xx 000 0 und d
020 |c 24000 
082 |a 332.632 
082 |b Ch556 
245 0 |a Chứng khoán và phân tích đầu tư chứng khoán 
245 0 |c Lý Vinh Quang ... [et al.] 
260 |a Hà Nội 
260 |b Thống kê 
260 |c 1998 
650 |a Stock exchanges 
904 |i Giang 
980 |a Trung tâm Học liệu Trường Đại học Cần Thơ